00333pab a2200133 454500008004000000100001700040245004100057260000900098300001300107362001100120650002800131650002000159773002000179180718b2009 xxu||||| |||| 00| 0 eng d aKanunjna, D. aLegal research in India: an overview c2009 ap.1-3,6. a20 Jul aLegal education - India aLegal education aUniversity News